000 00766nmc a2200289 a 4500
003 AR-BaBNM
005 20251128210234.0
008 011101s1996 ||||||||||||||000 | spa||
020 _a84-8063-224-0
040 _cAR-BaBNM
245 1 0 _aCine formativo
_buna estrategia innovadora en la enseñanza
250 _a1ª ed.
260 _aBarcelona
_bEdiciones Octaedro
_c1996
300 0 _a188 p.
_btablas
490 0 _aRecursos
_vv. 19
650 4 _aCINE
650 4 _aPELICULAS
650 4 _aPELICULAS DIDACTICAS
650 4 _aCOMUNICACION
650 4 _aALUMNOS
650 4 _aROL DEL DOCENTE
650 4 _aTECNOLOGIA EDUCATIVA
653 0 _aESTRATEGIAS DIDACTICAS
700 1 _aTorre, Saturnino de la
_ecoordinador
942 _cBK
998 _cRaquel
999 _c14616
_d14616